00658nam a2200193Ia 4500952014600000999001500146003000400161005001700165008004100182020001500223040000900238082002200247100002700269245005500296260004100351300000900392650001300401942005000414 00102ddc40708COMPUTER SCIENCEaMESbMEScCOMPd2019-02-20g79.00l0o004.160288 YAR/Pp31357r2019-02-20 00:00:00w2019-02-20yBKzGL30R4 c8922d8922OSt20201007125159.0190216s9999||||xx |||||||||||||| ||und|| a8177221477 coclc a004.160288bYAR/P aYarnold, Stuart 95382 0aPC Troubleshooting In Easy Steps /cStuart Yarnold bDream Tech Press,aNew Delhi:c2007. a192p aComputer cBK2ddch004.160288iYAR/Pk004.160288mYAR/P